Hariyanvi-Hindi Kosh (Record no. 14729)

MARC details
000 -LEADER
fixed length control field 00345nam a2200133Ia 4500
082 ## - DEWEY DECIMAL CLASSIFICATION NUMBER
Classification number RR 491.433 KAU-;
100 ## - MAIN ENTRY--AUTHOR NAME
Personal name Kaushik, Jai Narain
245 #0 - TITLE STATEMENT
Title Hariyanvi-Hindi Kosh
260 ## - PUBLICATION, DISTRIBUTION, ETC. (IMPRINT)
Place of publication Chandigarh
Name of publisher Hariyana Sahitya Academy
Year of publication 1985
300 ## - PHYSICAL DESCRIPTION
Number of Pages Lvi, 949p.
650 ## - SUBJECT ADDED ENTRY--TOPICAL TERM
Topical Term Hindi language - Dictionaries
650 ## - SUBJECT ADDED ENTRY--TOPICAL TERM
Topical Term Haryani language
942 ## - ADDED ENTRY ELEMENTS (KOHA)
Koha item type Books
Holdings
Withdrawn status Lost status Damaged status Not for loan Home library Current library Date acquired Bill Date Full call number Accession Number Price effective from Koha item type
        NASSDOC Library NASSDOC Library 08/10/2004 2004-10-22 RR 491.433 KAU-; 26186 18/04/2019 Books